Návrh opatrení na zlepšenie skladovania a evidencie materiálu v podniku Harmanec - Kuvert, spol. s r.o.
Saved in:
| Main Author: | |
|---|---|
| Other Authors: | |
| Format: | Manuscript Book |
| Language: | Slovak |
| Published: |
2025
|
| Subjects: | |
| Online Access: | http://is.stuba.sk/zp/portal_zp.pl?podrobnosti=176867 |
| Tags: |
No Tags, Be the first to tag this record!
|
MARC
| LEADER | 00000ntm a22000003a 4500 | ||
|---|---|---|---|
| 001 | stuzp103987 | ||
| 003 | SK-STU | ||
| 005 | 20250628211053.9 | ||
| 007 | ta | ||
| 008 | 150427s2015----xo-----f-mn---000-0-slo-d | ||
| 040 | |a STU |b slo | ||
| 041 | 0 | |a slo | |
| 100 | 1 | |a Kvoriak, Erik |u 064000 |4 aut |U MTF Materiálovotechnologická fakulta |T MTF Ústav priemyselného inžinierstva a manažmentu |X 121927 |U M4000 |Y 84 |7 121927 | |
| 242 | 0 | 1 | |a Proposal of measures for improving the material storage and records in Harmanec - Kuvert, spol. s r.o. |y eng |
| 245 | 1 | 0 | |a Návrh opatrení na zlepšenie skladovania a evidencie materiálu v podniku Harmanec - Kuvert, spol. s r.o. |
| 260 | |c 2025 | ||
| 650 | 4 | |a skladovanie |2 slo | |
| 650 | 4 | |a RFID |2 slo | |
| 650 | 4 | |a zásoby |2 slo | |
| 650 | 4 | |a evidencia zásob |2 slo | |
| 650 | 4 | |a warehousing |2 eng | |
| 650 | 4 | |a inventory |2 eng | |
| 650 | 4 | |a inventory management |2 eng | |
| 650 | 4 | |a RFID |2 eng | |
| 700 | 1 | |a Jurík, Lukáš |u 064000 |k Z1 |4 ths |U MTF Materiálovotechnologická fakulta |T MTF Ústav priemyselného inžinierstva a manažmentu |X 57263 |U M4000 |Y 84 |7 A000057263 | |
| 856 | 4 | |u http://is.stuba.sk/zp/portal_zp.pl?podrobnosti=176867 | |
| 996 | |c M* BP-9965 |l MMSKP |s P |a 0 |w stuzp103987_0001 | ||